000 00442nam a22001697a 4500
005 20240108150133.0
008 220210b ||||| |||| 00| 0 eng d
020 _a978-81-85790-63-9
041 _aeng
082 _a615.1
_bGOK-P
100 _aGOKHALE, S.B. , GATTANI S.G AND BAKLIWAL S.R
_98292
245 _aPRACTICAL PHARMACEUTICS-I
260 _aPUNE
_bNIRALI PRAKASHAN
300 _aB.1;p
650 _aPHARMACY
_xB.PHARMA
942 _cBK
999 _c7920
_d7918